| 000 -LEADER |
| fixed length control field |
00882nam a2200217Ia 4500 |
| 001 - CONTROL NUMBER |
| control field |
11229 |
| 003 - CONTROL NUMBER IDENTIFIER |
| control field |
GE_BSU |
| 008 - FIXED-LENGTH DATA ELEMENTS--GENERAL INFORMATION |
| fixed length control field |
181216s||||||||xx |||||||||||||| ||und|| |
| 040 ## - CATALOGING SOURCE |
| Transcribing agency |
GE_BSU |
| 080 ## - UNIVERSAL DECIMAL CLASSIFICATION NUMBER |
| Universal Decimal Classification number |
664(075.8) |
| 100 ## - MAIN ENTRY--PERSONAL NAME |
| Personal name |
თარხნიშვილი ა. |
| 245 ## - TITLE STATEMENT |
| Title |
კვების პროდუქტების ზოგადი ტექნოლოგია |
| 245 ## - TITLE STATEMENT |
| Remainder of title |
სახელმძღ. უმაღლესი სასწავლ. კვების სპეციალ. სტუდენტებისათვის |
| 245 ## - TITLE STATEMENT |
| Statement of responsibility, etc. |
რედ: ბ. ივანოვი |
| 260 ## - PUBLICATION, DISTRIBUTION, ETC. |
| Place of publication, distribution, etc. |
თბილისი. |
| 260 ## - PUBLICATION, DISTRIBUTION, ETC. |
| Name of publisher, distributor, etc. |
განათლება |
| 260 ## - PUBLICATION, DISTRIBUTION, ETC. |
| Date of publication, distribution, etc. |
1970 |
| 300 ## - PHYSICAL DESCRIPTION |
| Extent |
452გვ.22სმ. |
| 653 ## - INDEX TERM--UNCONTROLLED |
| Uncontrolled term |
კვების პროდუქტების ზოგადი ტექნოლოგია |
| 942 ## - ADDED ENTRY ELEMENTS (KOHA) |
| Koha item type |
წიგნი |